Evaluación, diagnóstico y tratamiento de los problemas oclusales (Registro nro. 495)

Detalles MARC
000 -Cabecera
Campo de control de longitud fija 00763aam a2200301 4500
005 - Fecha y hora de la última transacción
Campo de control 20251215141953.0
008 - Elementos de longitud fija--Información general
Campo de control de longitud fija 150731b1991 xxu||||| |||| 00| 0 spa d
020 ## - International Standard Book Number
Número Internacional Estándar del Libro (ISBN) 843452533
041 ## - Idioma
Código de idioma Español
082 ## - Clasificación Decimal Dewey
Número de clasificación 617.6 D272e2
100 ## - Entrada principal--Autor personal
Nombre personal Dawson, Peter E
9 (RLIN) 18065
245 ## - Título propiamente dicho
Título Evaluación, diagnóstico y tratamiento de los problemas oclusales
250 ## - Edición
Mención de edición 2 edición
260 ## - Pie de imprenta
Lugar de publicación, distribución, etc. España
260 ## - Pie de imprenta
Nombre del editor, distribuidor, etc. Salvat-Editores
260 ## - Pie de imprenta
Fecha de publicación, distribución, etc. 1991
300 ## - Descripción física
Extensión 641 páginas
300 ## - Descripción física
Otras características físicas Ilustraciones
490 ## - Serie
Título de la Serie Mecánica Dental
650 ## - Materia general
Temática (materia general) ODONTOLOGÍA
650 ## - Materia general
Temática (materia general) ANATOMÍA DENTAL
650 ## - Materia general
Temática (materia general) OCLUSIÓN
650 ## - Materia general
Temática (materia general) MALOCLUSIÓN
650 ## - Materia general
Temática (materia general) RESTAURACIÓN OCLUSAL
650 ## - Materia general
Temática (materia general) BRUXISMO
650 ## - Materia general
Temática (materia general) FERULIZACIÓN
942 ## - Punto de acceso adicional KOHA
Tipo de ítem KOHA Libro
Fuente del sistema de clasificación o colocación Dewey Decimal Classification
Existencias
Signatura completa Código de barras Programa Académico Tipo de ítem
617.6 D272e2 1177 Mecánica Dental Libro